1349 1915 1326 1097 1570 1804 1464 1174 1913 1954 1956 1311 1167 1456 1429 1989 1293 1978 1867 1380 1640 1791 1291 1946 1660 1758 1638 1417 1435 1019 1243 1643 1911 1155 1696 1215 1719 1439 1971 1214 1285 1246 1040 1729 1536 1340 1756 1315 1603 1444 1006 1634 1665 1734 1459 1266 1920 1667 1176 1436 1143 1492 1760 1566 1278 1661 1670 1008 1368 1971 1691 1570 1751 1572 1633 1640 1785 1676 1939 1907 1252 1500 1863 1256 1251 1057 1464 1553 1865 1141 1132 1273 1912 1462 1191 1065 1937 1364 1073 BCNSPRNW ULIB Ver.6.0+V

เปลี่ยนเป็นภาษาไทย

Change to English
 แสดงรายละเอียดบรรณานุกรม
  กลับหน้าหลัก

Brief Record : Get Marc (ISO 2709) : E-mail record : QR code < ปิดหน้าต่าง
LEADER : 00000nam 2200000uu 4500
001    13399110011
003     ULIB
008    110420s2549||||th 000 0 tha d
020    9742124655
020    9789742124656
041 1  tha^heng
050  4 B398.I3^bจ753ฟ 2549
100 1  เจเวลล์, จูดิธ
245 10 ฟิตเนสสมอง =^bBrain fitness @ work /^cJudith Jewell ;แปลและเรียบเรียงโดย คงคา วารี
246 31 Brain fitness @ work
260    กรุงเทพฯ :^bซีเอ็ดยูเคชั่น,^c2549
300    168 หน้า :^bภาพประกอบ ;^c22 ซม.
650  7 สมอง
650  7 ความจำ
650  7 ความคิดสร้างสรรค์
700 1  Jewell, Judith
700 0  คงคา วารี,^eผู้แปล
945    ^p150^l0^i18088
995    กัณชพร
999 ^a ใช้งานได้ทุกระบบ
รายการนี้ยังไม่มีแท็ก
คุณยังไม่ได้ล็อกอิน คุณสามารถมีกิจกรรมร่วมกับเว็บไซต์ได้ แต่ต้องล็อกอินก่อน ::
  ล็อกอิน

รายการสื่อสารสนเทศ

ลำดับที่ ประเภท เลขเรียก/บาร์โค้ด สถานที่ สถานะ
- ไม่พบข้อมูล -

รายการใกล้เคียง
    หัวเรื่อง [สมอง]
    หัวเรื่อง [ความจำ]
    หัวเรื่อง [ความคิดสร้างสรรค์]

BibComment


ยังไม่เคยถูกคอมเมนท์

คอมเมนท์ทรัพยากรรายการนี้
  คอมเมนท์: ฟิตเนสสมอง Brain..


 Copyright 2026. Bcnsprnw @Library